| 000 | 00436nam a2200169Ia 4500 | ||
|---|---|---|---|
| 003 | GCL | ||
| 008 | 140319s9999 xx 000 0 eng d | ||
| 040 |
_aGCL / _cGCL |
||
| 082 | 0 | 4 |
_a723.03 _bA D |
| 100 | 1 | _aPETERSEN, ANDREW | |
| 245 | 1 | 0 |
_aDICTIONARY OF ISLAMIC ARCHITECTURE / _cPETERSEN, ANDREW |
| 260 |
_a[S.N] : _bROUITLEDGE ، _c1996 |
||
| 300 | _a342P. | ||
| 650 | 0 | 4 | _aDICTIONARIES |
| 650 | 0 | 4 | _aARCHITECTURE |
| 942 |
_2ddc _cBK |
||
| 999 |
_c11784 _d11784 |
||